Регионална библиотека "Любен Каравелов" - Русе

Икономически теории (Запис номер 29050)

MARC детайли
000 -Лидер
Контролно поле с фиксирана дължина 02016nam a2200373 c 4500
003 - Код на организацията, давaща контролен номер
Контролно поле BLK
005 - Дата и час на последна редакция
Контролно поле 20250207165147.0
008 - Елементи от данни с фиксирана дължина
fixed length control field 180407b bul|||||r ||||||| ||bul||
010 ## - Наследен системен номер
LC control number KNG00031659000
040 ## - Източник на каталожния запис
Идентификатор на билиотеката - собственик на записа BLK
041 ## - Код за език
Код за езика на текст/звукозапис или на отделно заглавие Български
Код за езика КДБФ Български
080 ## - УДК
Текстов определител УДК Икономически теории. Икономически учения и школи
УДК код - определител по УДК 330.8
УДК определител (091)(075.8)
УДК - код + определител 330.8(091)(075.8)
080 ## - УДК
Текстов определител УДК Икономическа наука. Основни понятия на икономическата теория. Стойност. Капитал. Фондове
УДК код - определител по УДК 330.1
УДК определител (091)(075.8)
УДК - код + определител 330.1(091)(075.8)
080 ## - УДК
Текстов определител УДК Биографии
УДК код - определител по УДК 929
УДК определител (100)
УДК - код + определител 929(100)
100 1# - Редна дума - Автор
Автор Кънев, Методи Асенов
Авторска отговорност първи автор
R(LIN) 365142
139 ## - Редно поле
Редна дума Икономически теории
Авторски знак Иконо - И 50
245 10 - Сведения за заглавието
Заглавие Икономически теории
Подзаглавни данни Прозрения и пристрастия на великите икономисти
Редно поле (дума) Методи Асенов Кънев.
257 ## - Страна на издаване
Страна на създаване/издаване България
260 ## - Област на издателските данни
-- Свищов
Име на издателя, разпространителя и проч. Д. Найденов
Година на издаване 1996
300 ## - Физическа характеристика
Страници 368 с.
Размери/Мащаб 20 см
380 ## - Жанр
Жанр Обществени науки
500 ## - Общи забележки
Забележка Други авт.: Н. Чонов, С. Найденова, Л. Кирев, Д. Найденов, Ив. Петров, Л. Кирев, Сн. Найденова, А. Радев, С. Димов, Кр. Кунев ; Пълното име на авт. Ив. Петров е Иван Петров Иванов. - Библиогр. под линия. - Именен показалец.
650 #4 - Допълнително описание по предмет – тема
Основно описание – тема или топоним Икономически учения - история - учебници за ВУЗ
9 (RLIN) 259911
650 #4 - Допълнително описание по предмет – тема
Основно описание – тема или топоним Икономисти
9 (RLIN) 156882
653 ## - Ключова дума – ненормативна
Ключова дума икономически учения
653 ## - Ключова дума – ненормативна
Ключова дума икономисти
653 ## - Ключова дума – ненормативна
Ключова дума учебници за ВУЗ
852 ## - Местоположение
Форматна сигнатура Цб 190014
856 4# - Електронен адрес и достъп
Електронен формат pdf - файл
Път до файла /url/
856 4# - Електронен адрес и достъп
Електронен формат pdf - файл
Път до файла /url/
942 ## - АРТИКУЛИ
Вид на библиотечния материал Книги
Скрит в OPAC Не
Koha issues (borrowed), all copies 3
944 ## - СЪЗДАВАНЕ И РЕДАКЦИЯ на ЗАПИСА
Създаване/Редакция Създаване
Дата на регистрацията/редакция 15.01.2003
Статус, дата на статуса Цветелина Шанова
Служител, извършил регистрацията/редакцията 30531
944 ## - СЪЗДАВАНЕ И РЕДАКЦИЯ на ЗАПИСА
Създаване/Редакция Редакция
Дата на регистрацията/редакция 17.07.2017
Статус, дата на статуса ф /
Служител, извършил регистрацията/редакцията Людмила_Стоянова
999 ## - СИСТЕМНИ КОНТРОЛНИ НОМЕРА
Koha biblionumber 29050
Koha biblioitemnumber 29050
Наличности
Код за отписване Код за изгубен артикул Източник на класификационната схема Код за повреда Коз за рестрикции Код за отдаване Артикулен № Име на библиотеката - собственик Име на библиотеката, в която се намира в момента Статус (Текущо местоположение) Дата на вписване в системата Местоположение - отдел Цена в лева Инвентарен номер Систематично азбучна сигнатура Баркод Номер на екземпляра Цена в евро Служебна бележка Служебен тип на артикула
  Не е изгубен Universal Decimal Classification Не е повреден без рестрикции заемане за дома 46693 Регионална библиотека "Любен Каравелов" Русе Регионална библиотека "Любен Каравелов" Русе Заемна - подръчен фонд 2001-01-01 Заемна - подръчен фонд 3.90 626042 П 330.8/И 49 120000626042 1 1.99 Дост: Pk Вид: Ф N: стар фонд Дата: 01.01.1996 Дата инв: 05.02.2018 Бележки инв: П2018 Книги
Изтеглен Не е изгубен Universal Decimal Classification Не е повреден без рестрикции заемане за дома 46694 Регионална библиотека "Любен Каравелов" Русе Регионална библиотека "Любен Каравелов" Русе Заемна - подръчен фонд 2001-01-01 Заемна - подръчен фонд 3.90 626452 П 330.8/И 49 626452 2 1.99 Дост: Pk Вид: Ф N: стар фонд Дата: 01.01.1996 Дата инв: 16.02.2018 Бележки инв: П2018 Книги
  Не е изгубен Universal Decimal Classification Не е повреден без рестрикции ползва се в читалня 46695 Регионална библиотека "Любен Каравелов" Русе Регионална библиотека "Любен Каравелов" Русе Хранилище 2001-01-01 Основен фонд - ползва се само за читалня 3.90 626453 Цб 190014 120000626453 3 1.99 Дост: Pk Вид: Ф N: стар фонд Дата: 01.01.1996 Книги
  Не е изгубен   Не е повреден без рестрикции заемане за дома 46696 Регионална библиотека "Любен Каравелов" Русе Регионална библиотека "Любен Каравелов" Русе Заемна - подръчен фонд 2017-06-23 Заемна - подръчен фонд 18.00 120000812732 П 330.8/И 50 120000812732 4 9.20 Дост: DA Вид: А N: 26 Дата: 23.06.2017 Дата инв: 06.02.2018 Бележки инв: П2018 Книги
Vip Innovations Ltd, Rousse, Bulgaria 2025